00306nam a2200133Ia 4500003000400000005001700004008004100021040001800062041000800080100003100088110001200119245002100131260002000152OSt20230525163113.0211028s2018 xx 000 0 und d cAIMIT LIBRARY aeng aSavitha; Ruban, S.e161932 aRuban S aAIMIT IT portal. aMangaluruc2018